000 00570nam a22002297a 4500
003 UA-OsUOA
001 863
007 ta
008 20050706b un ||||| |||| 00| 0 ukr d
100 _aДончев А.
090 _a821.163.2
_bД67
942 _cBK
040 _aUA-OsUOA
_brus
_cUA-OsUOA
_dUA-OsUOA
245 _aЧас выбора
300 _a427 с.
955 _a3
041 _arus
080 _a821.163.2
260 _aМ.
_bПрогресс
_c1971
650 7 _a82 Література. Літературознавство
_2UDC
999 _c287039
_d287039